| 000 | 00693nam a2200217 4500 | ||
|---|---|---|---|
| 003 | OSt | ||
| 005 | 20240716010016.0 | ||
| 006 | a | ||
| 008 | 240716b |||||||| |||| 00| 0 eng d | ||
| 020 | _a9710489442 | ||
| 040 |
_aDWCL-Main lib. _cOC |
||
| 082 |
_22009 edition _aFil. 658.1511 C117m 2009 |
||
| 100 | _aCabrera, Ma. Elenita Balatbat | ||
| 245 | _aManagement accounting : concepts and applications / | ||
| 250 | _a2009 edition | ||
| 260 |
_aManila : _bGIC Enterprises & Co., Inc., _cc2009. |
||
| 300 |
_axx, _b1022 p. ; _c23 cm. |
||
| 504 | _aIncludes bibliographical references and index. | ||
| 650 | _a1. Management accounting. | ||
| 942 |
_2ddc _n0 _cBK - FIL _e2009 edition _kFil. |
||
| 999 |
_c2218 _d2218 |
||